000 00319nam a22001457a 4500
008 221110b ||||| |||| 00| 0 eng d
020 _a9781631899645
041 _aeng
080 _2FIRST EDITION
_a61
082 _a61 WAR
100 _a5
101 _aMJK
245 _aWELLNESS ILLNESS
_cWARD F
942 _2udc
_cBK
999 _c58845
_d58845